| 000 | 00865pam a2200265 a 4500 | ||
|---|---|---|---|
| 008 | |||
| 020 | _a0443048878 (pbk.) | ||
| 049 | _aMAIN | ||
| 090 |
_aRC350.P48 _bNEU |
||
| 245 | 0 | 0 |
_aNeurological physiotherapy : _ba problem-solving approach / _cedited by Susan Edwards. |
| 260 |
_aNew York : _bChurchill Livingstone, _c1996. |
||
| 300 |
_a212 p. : _bill. ; _c25 cm. |
||
| 500 | _aIncludes index. | ||
| 504 | _aIncludes bibliographical references. | ||
| 650 | 0 |
_aNervous system _xDiseases _xPhysical therapy. |
|
| 650 | 2 |
_aNervous System Diseases _xtherapy. |
|
| 650 | 2 |
_aPhysical Therapy _xmethods. |
|
| 650 | 2 |
_aPsychomotor Disorders _xtherapy. |
|
| 700 | 1 | _aEdwards, Susan. | |
| 907 |
_a.b10329766 _b16-05-13 _c03-05-13 |
||
| 003 | |||
| 005 | 20230120204123.0 | ||
| 040 | _cNUST | ||
| 942 |
_cBOOKS _kRC350.P48 _mNEU |
||
| 999 |
_c117470 _d117470 |
||